| 000 | 00460nam a22001817a 4500 | ||
|---|---|---|---|
| 003 | MPLRDC | ||
| 005 | 20220104143955.0 | ||
| 008 | 210129b ||||| |||| 00| 0 eng d | ||
| 020 | _a7-5305-0061-9 | ||
| 082 | _a944.5 XQX | ||
| 100 | _a徐启雄 | ||
| 245 |
_a徐启雄工笔人物画选集 _c |
||
| 250 | _a一版一刷 | ||
| 260 |
_a _b天津人民美术出版社 _c1987 |
||
| 300 | _b平 | ||
| 650 | _a中国画法--人物画 | ||
| 942 |
_cBK _o944.5 XQX |
||
| 999 |
_c45165 _d45155 |
||